| 000 | 00479nam a2200181Ia 4500 | ||
|---|---|---|---|
| 008 | 140306s9999 xx 000 0 und d | ||
| 020 | _a9.78051627e+012 | ||
| 050 |
_aPZ 7 _b.P44677Jo 1999 |
||
| 100 | _aPetrie, Catherine | ||
| 245 |
_aJoshua James likes Trucks / _cCatherine Petrie |
||
| 260 |
_aUSA : _bScholastic Inc, _cc1999. |
||
| 300 |
_a22 p. : _bcol. Ill. ; _c16 cm. |
||
| 521 | _aG1 | ||
| 526 | _cBR | ||
| 650 |
_aTrucks _xFiction. |
||
| 942 | _cBK | ||
| 999 |
_c42876 _d42876 |
||